000 01141nam a2200277 a 4500
001
003 DO-SdBNP
005 20210818101552.0
008 100222s1998 dr 000 0 spa d
040 _aDO-SdBNP
_bspa
_cBPMSU
082 _a306.097293
_bH117p 1998
_222
245 0 0 _aHacía un programa de desarrollo cultural para la República Dominicana :
_binformes sobre el diagnótico participativo del sector cultural /
_ceditores Luis O. Brea Franco, Ramón A. Victoriano M.
260 _aSanto Domingo :
_bConsejo Presidencial para la Cutura :
_bPNUD,
_c1998.
300 _av. ;
_c22 cm.
500 _aIncluye referencias bibliográficas y notas al pie de las páginas
505 0 _av. 1 .
_tCompendio de legislación cultural.
590 _aInventariado, 2021/VM
650 4 _aCultura
_zRepública Dominicana
651 4 _aRepública Dominicana
_xPolítica Cultural
700 1 2 _aBrea Franco, Luis O.
_eed.
700 1 2 _aVictoriano M., Ramón A.
_eed.
710 2 _aConsejo Presidencial de Cultura.(República Dominicana)
710 2 _aPrograma de la Naciones Unidas para el Desarrollo
910 _aVMateo V.
942 _2ddc
_cBK
999 _c13658
_d13658